| 000 -LEADER |
| fixed length control field |
01601 a2200265 4500 |
| 003 - CONTROL NUMBER IDENTIFIER |
| control field |
Nust |
| 005 - DATE AND TIME OF LATEST TRANSACTION |
| control field |
20220816172436.0 |
| 010 ## - LIBRARY OF CONGRESS CONTROL NUMBER |
| LC control number |
2011294204 |
| 020 ## - INTERNATIONAL STANDARD BOOK NUMBER |
| International Standard Book Number |
9781420088144 (hbk. : acid-free paper) |
| 035 ## - SYSTEM CONTROL NUMBER |
| System control number |
(OCoLC)ocn664324892 |
| 040 ## - CATALOGING SOURCE |
| Transcribing agency |
Nust |
| 082 04 - DEWEY DECIMAL CLASSIFICATION NUMBER |
| Classification number |
621.3821,AHS |
| 245 00 - TITLE STATEMENT |
| Title |
Near field communications handbook / |
| Statement of responsibility, etc. |
edited by Syed A. Ahson and Mohammad Ilyas. |
| 260 ## - PUBLICATION, DISTRIBUTION, ETC. |
| Place of publication, distribution, etc. |
Boca Raton : |
| Name of publisher, distributor, etc. |
CRC Press, |
| Date of publication, distribution, etc. |
c2012. |
| 300 ## - PHYSICAL DESCRIPTION |
| Extent |
xiii, 364 p. : |
| Other physical details |
ill. ; |
| Dimensions |
25 cm. |
| 490 1# - SERIES STATEMENT |
| Series statement |
Internet and communications ; |
| Volume/sequential designation |
v. 13 |
| 505 ## - FORMATTED CONTENTS NOTE |
| Formatted contents note |
Secure Mobile Identity Concepts and Protocols (Page-1), Security in NFC (Page-25), NFC Application with and ALL -IN –ONE Devices (Page-57), NFC Application Design Guidelines (Page-91), Software Support for the user Centered Prototyping of Mobile Application that apply Near Field Communication (Page-119), University of Things To words the Pervasive University (Page-153), NFC Based Physical User Interfaces for Interactive Space (Page-175), Privacy Preserving Receipt Management with NFC Phones (Page-231), Performance of and NF Based Mobile (Page-259), Using RFID NFC for Pervasive Serious Games (Page-279), Empirically Grounded Design of a Nutrition Traking Systems for Patients with Eating Disorders (Page-305), The Stol Plan Project (Page-325). |
| 650 #0 - SUBJECT ADDED ENTRY--TOPICAL TERM |
| Topical term or geographic name entry element |
Mobile communication systems |
| 9 (RLIN) |
18556 |
| 650 #0 - SUBJECT ADDED ENTRY--TOPICAL TERM |
| Topical term or geographic name entry element |
Telecommunication engineering |
| 650 #0 - SUBJECT ADDED ENTRY--TOPICAL TERM |
| Topical term or geographic name entry element |
Wireless communication systems |
| 9 (RLIN) |
594 |
| 700 1# - ADDED ENTRY--PERSONAL NAME |
| Personal name |
Ahson, Syed. |
| 9 (RLIN) |
94466 |
| 700 1# - ADDED ENTRY--PERSONAL NAME |
| Personal name |
Ilyas, Mohammad, |
| Dates associated with a name |
1953- |
| 9 (RLIN) |
94250 |
| 830 #0 - SERIES ADDED ENTRY--UNIFORM TITLE |
| Uniform title |
Internet and communications ; |
| 9 (RLIN) |
94465 |
| 942 ## - ADDED ENTRY ELEMENTS (KOHA) |
| Koha item type |
Reference |
| Source of classification or shelving scheme |
|